Employees First, Customers Second (Record no. 85961)
[ view plain ]
| 000 -LEADER | |
|---|---|
| fixed length control field | 00505nam a2200193Ia 4500 |
| 005 - DATE AND TIME OF LATEST TRANSACTION | |
| control field | 20230427143730.0 |
| 008 - FIXED-LENGTH DATA ELEMENTS--GENERAL INFORMATION | |
| fixed length control field | 230125s9999 xx 000 0 und d |
| 020 ## - INTERNATIONAL STANDARD BOOK NUMBER | |
| International Standard Book Number | 978-1-4221-3906-6 |
| 041 ## - LANGUAGE CODE | |
| Language code of text/sound track or separate title | eng |
| 082 ## - DEWEY DECIMAL CLASSIFICATION NUMBER | |
| Classification number | 658.312 44 |
| Item number | NAY |
| 100 ## - MAIN ENTRY--PERSONAL NAME | |
| Author | Nayar V |
| 245 ## - TITLE STATEMENT | |
| Title | Employees First, Customers Second |
| 260 ## - PUBLICATION, DISTRIBUTION, ETC. | |
| Date of publication, distribution, etc. | 2010 |
| Name of publisher, distributor, etc. | Harvard Business School Press |
| Place of publication, distribution, etc. | Boston |
| 300 ## - PHYSICAL DESCRIPTION | |
| Extent | 198p |
| 500 ## - GENERAL NOTE | |
| Keywords | HRM:HRM Gen<br/><br/> |
| 650 ## - SUBJECT ADDED ENTRY--TOPICAL TERM | |
| Topical term or geographic name entry element | HRM:HRM Gen |
| 700 ## - ADDED ENTRY--PERSONAL NAME | |
| Personal name | Nayar V |
| 942 ## - ADDED ENTRY ELEMENTS (KOHA) | |
| Koha item type | Books |
| Withdrawn status | Lost status | Damaged status | Not for loan | Home library | Current library | Date acquired | Vendor | Net Price | Total Checkouts | Total Renewals | Full call number | Barcode | Date last seen | Date last checked out | Actual Price | Bill Date | Koha item type | Original Barcode | Bill number |
|---|---|---|---|---|---|---|---|---|---|---|---|---|---|---|---|---|---|---|---|
| Smt. Hiraben Nanavati Institute of Management & Research for Women | Smt. Hiraben Nanavati Institute of Management & Research for Women | 22/06/2017 | HNIMR Staff | 595.00 | 1 | 1 | 658.312 44 NAY DB2759 | HIMR-DB-2759 | 14/11/2025 | 29/10/2025 | 595.00 | 25/01/2023 | Donated Book | DB2759 | |||||
| Smt. Hiraben Nanavati Institute of Management & Research for Women | Smt. Hiraben Nanavati Institute of Management & Research for Women | 30/03/2013 | Landmark | 595.00 | 1 | 2 | 658.312 44 NAY B11980 | HIMR-BK-11980 | 15/11/2025 | 13/10/2025 | 446.01 | 08/09/2012 | Books | B11980 | 2954 | ||||
| Smt. Hiraben Nanavati Institute of Management & Research for Women | Smt. Hiraben Nanavati Institute of Management & Research for Women | 25/09/2010 | Pritam Book Centre | 595.00 | 1 | 658.312 44 NAY B08884 | HIMR-BK-8884 | 10/12/2025 | 13/10/2025 | 476.00 | 10/09/2010 | Books | B08884 | 7088 |